[Event "27th Hoogeveen Open 2024"]
[Site "Hoogeveen NED"]
[Date "2024.10.29"]
[Round "4.16"]
[White "De Wit, Michel"]
[Black "Mostertman, Milan"]
[Result "1-0"]
[WhiteTitle "FM"]
[BlackTitle "FM"]
[WhiteElo "2108"]
[BlackElo "2201"]
[WhiteFideId "1002210"]
[BlackFideId "1025848"]
[EventDate "2024.10.26"]

1. d4 Nf6 2. c4 e6 3. Nf3 d5 4. Nc3 c6 5. Bg5 Nbd7 6. Qc2 h6 7. Bh4 g5 8. Bg3
dxc4 9. a4 Qa5 10. Ne5 Qa6 11. e3 b5 12. Be2 Nd5 13. O-O Qb6 14. Bh5 Bg7 15.
Nxf7 Rf8 16. a5 Qa6 17. Qh7 N5f6 18. Nd6+ Kd8 19. Qxg7 Nxh5 20. Qxh6 1-0

[Event "27th Hoogeveen Open 2024"]
[Site "Hoogeveen NED"]
[Date "2024.10.29"]
[Round "4.17"]
[White "Terlouw, Wouter"]
[Black "Goudriaan, Rafael"]
[Result "1-0"]
[WhiteTitle "CM"]
[WhiteElo "2198"]
[BlackElo "2101"]
[WhiteFideId "1087401"]
[BlackFideId "1063162"]
[EventDate "2024.10.26"]

1. d4 e6 2. g3 Nf6 3. c4 d5 4. Bg2 dxc4 5. Nf3 Bb4+ 6. Bd2 c5 7. O-O O-O 8. Qc2
Bxd2 9. Nbxd2 cxd4 10. Nxc4 b5 11. Ng5 d3 12. Qxd3 Qxd3 13. exd3 Nd5 14. Ne3 Bb7
15. Rac1 Na6 16. Ne4 Rfd8 17. Nc5 Nxc5 18. Rxc5 Nxe3 19. Bxb7 Nxf1 20. Bxa8 Rxa8
21. Kxf1 a6 22. b4 Kf8 23. a3 Ke7 24. Rc7+ Ke8 25. Ke2 Rd8 26. Ke3 Rd6 27. Ke4
h6 28. d4 Kf8 29. g4 Ke8 30. f4 g6 31. h3 Rd7 32. Rc6 Ra7 33. d5 Kd7 34. f5
gxf5+ 35. gxf5 a5 36. fxe6+ fxe6 37. Rxe6 axb4 38. axb4 Ra4 39. Rxh6 Rxb4+ 40.
Ke5 Ra4 41. Rh7+ Ke8 42. h4 Ra6 43. Rh8+ Kd7 44. Rh7+ Ke8 45. Kd4 b4 46. Kc5 b3
47. d6 Ra4 48. h5 Ra5+ 49. Kc6 Ra6+ 50. Kd5 Rb6 51. Ke6 Kf8 52. h6 Kg8 53. Rg7+
Kh8 54. Rg1 b2 55. Rb1 Rb3 56. d7 Re3+ 57. Kd6 Rd3+ 58. Ke7 Re3+ 59. Kd8 Rb3 60.
h7 Kxh7 61. Rh1+ Kg6 62. Rg1+ Kh5 63. Ke7 Re3+ 64. Kf6 Rd3 65. Ke6 Kh4 66. Re1
Kg4 67. Ke7 Re3+ 68. Rxe3 b1=Q 69. d8=Q Qh7+ 70. Kd6 Qh2+ 71. Re5 Qd2+ 72. Ke7
Qb4+ 73. Qd6 1-0

[Event "27th Hoogeveen Open 2024"]
[Site "Hoogeveen NED"]
[Date "2024.10.29"]
[Round "4.18"]
[White "Duson, Robin"]
[Black "Zecha, Oscar"]
[Result "1/2-1/2"]
[WhiteElo "2177"]
[BlackElo "2097"]
[WhiteFideId "1055038"]
[BlackFideId "1073826"]
[EventDate "2024.10.26"]

1. d4 Nf6 2. c4 e6 3. Nc3 Bb4 4. e3 O-O 5. Bd2 d5 6. Nf3 Re8 7. Rc1 Nbd7 8. Bd3
dxc4 9. Bxc4 a6 10. O-O b5 11. Bd3 c5 12. a4 cxd4 13. Nxd4 Nc5 14. Bc2 Bxc3 15.
Bxc3 Nxa4 16. Bxa4 bxa4 17. Qxa4 Bb7 18. Rfd1 Qd5 19. f3 Qg5 20. e4 Rac8 21. Qa5
Rc5 22. Qb6 Bxe4 23. Bd2 Rxc1 24. Bxc1 Qh5 25. Qxa6 e5 26. Ne2 Bg6 27. Ng3 Qh4
28. Qb5 h6 29. Be3 Bc2 30. Rc1 Qa4 31. Qxa4 Bxa4 32. b4 Rb8 33. Bc5 Nd5 34. Rb1
Nc3 35. Re1 f6 36. Nf5 Nd5 37. Ra1 Bc2 38. Ne7+ Nxe7 39. Bxe7 Rb7 40. Bc5 Kf7
41. Kf2 Bd3 42. Ke3 Bb5 43. h4 h5 44. g4 hxg4 45. fxg4 Bd7 46. Kf3 1/2-1/2

[Event "27th Hoogeveen Open 2024"]
[Site "Hoogeveen NED"]
[Date "2024.10.29"]
[Round "4.19"]
[White "Kukushkin, Ivan"]
[Black "Aravindhan, Achyuth"]
[Result "1/2-1/2"]
[BlackTitle "CM"]
[WhiteElo "2084"]
[BlackElo "2173"]
[WhiteFideId "11634103"]
[BlackFideId "1084216"]
[EventDate "2024.10.26"]

1. e4 c5 2. Nf3 Nc6 3. Bb5 g6 4. O-O Bg7 5. c3 e5 6. d3 Nge7 7. Be3 d6 8. d4
cxd4 9. cxd4 O-O 10. Nc3 Bg4 11. dxe5 dxe5 12. Be2 h6 13. Qb3 Na5 14. Qa4 Nac6
15. Rfd1 Qb8 16. Nd5 Nxd5 17. exd5 Bxf3 18. Bxf3 Nd4 19. Bxd4 exd4 20. Rac1 Qd6
21. Qb3 Rab8 22. Qd3 Rfd8 23. h4 h5 24. Rc4 Rbc8 25. Rdc1 Rxc4 26. Rxc4 Re8 27.
g3 Re1+ 28. Kg2 Qe5 29. Rc2 Bf6 30. b3 Kg7 31. Re2 Rxe2 32. Qxe2 Qc7 33. Be4 Qd6
34. Qb5 b6 1/2-1/2

[Event "27th Hoogeveen Open 2024"]
[Site "Hoogeveen NED"]
[Date "2024.10.29"]
[Round "4.20"]
[White "Van Helvoort, Rob"]
[Black "Hoffman, Ron"]
[Result "1/2-1/2"]
[WhiteElo "2164"]
[BlackElo "2024"]
[WhiteFideId "1005596"]
[BlackFideId "1007599"]
[EventDate "2024.10.26"]

1. e4 c6 2. c4 d5 3. cxd5 cxd5 4. exd5 Nf6 5. Nf3 Nxd5 6. Bc4 g6 7. Qb3 e6 8.
Nc3 Nc7 9. a4 Bg7 10. O-O O-O 11. a5 Nc6 12. Re1 Qd6 13. d3 Bd7 14. Bd2 f5 15.
Nb5 Nxb5 16. Bxb5 Rfe8 17. Bc3 Nd4 18. Bxd4 Bxd4 19. Bxd7 Qxd7 20. Nxd4 Qxd4 21.
Rxe6 Rxe6 22. Qxe6+ Kh8 23. Qe2 Rd8 24. Ra3 Rc8 25. Qd2 Qb4 26. Rc3 Re8 27. g3
Qxa5 28. d4 Qd5 29. Rc5 Qe4 30. d5 b6 31. Rc1 Qe5 32. d6 Rd8 33. d7 Qe7 34. Rc8
Kg7 35. Rxd8 Qxd8 36. Qd6 Kf7 37. Kf1 a5 38. b3 b5 39. Qd5+ Ke7 40. Qxb5 Qxd7
41. Qxa5 Qd3+ 42. Kg1 Qxb3 43. Qa7+ Kf6 44. Qxh7 Qb1+ 45. Kg2 Qe4+ 46. Kg1 1/2-1/2

[Event "27th Hoogeveen Open 2024"]
[Site "Hoogeveen NED"]
[Date "2024.10.29"]
[Round "4.21"]
[White "Bruggink, Tycho"]
[Black "Grooten, Herman"]
[Result "1/2-1/2"]
[BlackTitle "IM"]
[WhiteElo "1992"]
[BlackElo "2216"]
[WhiteFideId "1050028"]
[BlackFideId "1000330"]
[EventDate "2024.10.26"]

1. e4 c6 2. d4 d5 3. e5 Bf5 4. h4 h5 5. Bd3 Bxd3 6. Qxd3 e6 7. Bg5 Qa5+ 8. Nd2
Qa6 9. c4 Nd7 10. Ngf3 Ne7 11. O-O Ng6 12. Qc2 Bb4 13. b3 O-O 14. a3 Bxd2 15.
Bxd2 dxc4 16. bxc4 c5 17. Ng5 cxd4 18. Qd1 Ngxe5 19. Bb4 Rfc8 20. Qxh5 Nf6 21.
Qe2 Ng6 22. h5 Nf8 23. Rac1 Qc6 24. Rfd1 Rd8 25. Qe5 Qd7 26. Rd3 Ng4 27. Qg3 Nh6
28. Ne4 Nh7 29. Qf4 f6 30. Nc5 Qf7 31. Rxd4 b6 32. Rxd8+ Rxd8 33. Ne4 e5 34. Qf3
f5 35. Nd6 Qe6 36. Qb7 a5 37. Qxb6 Nf7 38. Bc5 Rxd6 39. Bxd6 Qxd6 40. c5 Qd2 41.
Rb1 Nf6 42. c6 Ne4 43. c7 Qc2 44. Kh2 Ned6 45. Qb8+ Kh7 46. Rb3 f4 47. Rb2 Qc3
48. Rb3 Qc4 49. Qb6 e4 50. Qxa5 Qe6 51. Qc3 Ne5 52. Rb8 Ng4+ 53. Kg1 Qa2 54.
Rh8+ Kxh8 55. c8=Q+ Nxc8 56. Qxc8+ Kh7 57. Qf5+ Kh8 58. Qc8+ Kh7 59. Qf5+ Kh8
60. Qc8+ Kh7 1/2-1/2

[Event "27th Hoogeveen Open 2024"]
[Site "Hoogeveen NED"]
[Date "2024.10.29"]
[Round "4.22"]
[White "Van Zutphen, Jimmy"]
[Black "Lardinois, Wouter"]
[Result "1/2-1/2"]
[WhiteElo "2125"]
[BlackElo "2025"]
[WhiteFideId "1013890"]
[BlackFideId "1039997"]
[EventDate "2024.10.26"]

1. d4 Nf6 2. Bf4 d5 3. e3 c5 4. c3 Nc6 5. Bd3 Qb6 6. Qc1 cxd4 7. exd4 e5 8. Bg5
Be7 9. Bxf6 Bxf6 10. Nd2 O-O 11. Ne2 exd4 12. O-O dxc3 13. Nxc3 Be6 14. Nf3 Nb4
15. Qd2 Rac8 16. Bb1 Rfd8 17. Ng5 Qd4 18. Bxh7+ Kh8 19. Qxd4 Bxd4 20. a3 Na6 21.
Bg6 1/2-1/2

[Event "27th Hoogeveen Open 2024"]
[Site "Hoogeveen NED"]
[Date "2024.10.29"]
[Round "4.23"]
[White "Westerlaan, Sander"]
[Black "Emans, Job"]
[Result "0-1"]
[WhiteElo "1979"]
[BlackElo "2118"]
[WhiteFideId "1044346"]
[BlackFideId "1051393"]
[EventDate "2024.10.26"]

1. Nf3 d5 2. c4 e6 3. e3 Nf6 4. Nc3 Be7 5. b3 O-O 6. Bb2 dxc4 7. bxc4 c5 8. Be2
Nc6 9. d4 cxd4 10. exd4 b6 11. O-O Bb7 12. Qb3 Na5 13. Qa4 Rc8 14. d5 exd5 15.
cxd5 Nxd5 16. Nxd5 Qxd5 17. Qg4 f6 18. Nd4 Qg5 19. Nf5 Rf7 20. Qxg5 fxg5 21.
Nxe7+ Rxe7 22. Rfe1 Rce8 23. Bc3 0-1

[Event "27th Hoogeveen Open 2024"]
[Site "Hoogeveen NED"]
[Date "2024.10.29"]
[Round "4.24"]
[White "Knol, Geon"]
[Black "Verheij, Dana"]
[Result "0-1"]
[WhiteElo "2098"]
[BlackElo "1972"]
[WhiteFideId "1012142"]
[BlackFideId "1063790"]
[EventDate "2024.10.26"]

1. e4 c5 2. Nc3 Nc6 3. g3 g6 4. Bg2 Bg7 5. Nf3 e6 6. d3 Nge7 7. Be3 d6 8. d4 Qb6
9. Na4 Qa5+ 10. c3 b5 11. dxc5 d5 12. exd5 Nxd5 13. Nd4 Bb7 14. Bxd5 exd5 15.
Qe2 bxa4 16. Nxc6 Bxc6 17. Bg5+ Kf8 18. Qe7+ Kg8 19. O-O h6 20. b4 axb3 21. axb3
Qxc3 22. Ra6 Bb5 23. Rf6 Rf8 24. Rc1 Qb2 25. Rd6 hxg5 26. Re1 0-1

[Event "27th Hoogeveen Open 2024"]
[Site "Hoogeveen NED"]
[Date "2024.10.29"]
[Round "4.25"]
[White "Grooten, Tommy"]
[Black "Vaupot, Kajetan"]
[Result "1-0"]
[WhiteElo "2067"]
[BlackElo "1870"]
[WhiteFideId "1068806"]
[BlackFideId "14641003"]
[EventDate "2024.10.26"]

1. e4 e5 2. Nf3 Nc6 3. Bb5 a6 4. Ba4 Nf6 5. O-O Be7 6. Re1 b5 7. Bb3 d6 8. c3
O-O 9. h3 Na5 10. Bc2 c5 11. d4 Nd7 12. d5 Nb6 13. Nbd2 Re8 14. Nf1 h6 15. g4 h5
16. gxh5 Bxh3 17. Ng3 Bg4 18. b3 g6 19. Kh2 Bh4 20. Rg1 Bxg3+ 21. Rxg3 Bxh5 22.
Qg1 Kg7 23. Kg2 c4 24. b4 Nb7 25. Bg5 Qd7 26. Nh4 Rh8 27. f4 Qc7 28. Rf1 f6 29.
Bxf6+ Kxf6 30. fxe5+ Kg7 31. e6 Raf8 32. Qd4+ Kh7 33. Nxg6 Rfg8 34. Rh1 Kh6 35.
Rxh5+ Kxh5 36. Qf6 Kh6 37. Rh3# 1-0

[Event "27th Hoogeveen Open 2024"]
[Site "Hoogeveen NED"]
[Date "2024.10.29"]
[Round "4.26"]
[White "Darie, Aden"]
[Black "Arnold, Rhys"]
[Result "0-1"]
[WhiteElo "1928"]
[BlackElo "2312"]
[WhiteFideId "1094831"]
[BlackFideId "1068849"]
[EventDate "2024.10.26"]

1. e4 c5 2. Nf3 Nc6 3. d4 cxd4 4. Nxd4 Nf6 5. Nc3 d6 6. Bg5 e6 7. Qd2 a6 8.
O-O-O Be7 9. h4 Qc7 10. f3 Nxd4 11. Qxd4 O-O 12. g4 b5 13. h5 h6 14. Be3 Qa5 15.
Kb1 b4 16. Ne2 e5 17. Qd2 Be6 18. Nc1 Nh7 19. Nb3 Qa4 20. Bd3 a5 21. Qe2 Rfb8
22. Nc1 Qc6 23. f4 exf4 24. Bxf4 Ng5 25. e5 d5 26. Nb3 Qc8 27. Bf5 a4 28. Nd4 a3
29. Rd3 axb2 30. Rb3 Bc5 31. Rd1 Bxd4 32. Rxd4 Ne4 33. Bxe4 dxe4 34. Rxb2 Rxa2
35. Rxa2 Bxa2+ 36. Kc1 b3 37. Kb2 bxc2+ 38. Kxa2 Qc3 0-1

[Event "27th Hoogeveen Open 2024"]
[Site "Hoogeveen NED"]
[Date "2024.10.29"]
[Round "4.27"]
[White "Vaupot, Luka"]
[Black "Den Heijer, Rolinde"]
[Result "1-0"]
[WhiteTitle "CM"]
[WhiteElo "2140"]
[BlackElo "2018"]
[WhiteFideId "14627671"]
[BlackFideId "1068300"]
[EventDate "2024.10.26"]

1. d4 Nf6 2. c4 e6 3. g3 d5 4. Bg2 dxc4 5. Nf3 Bb4+ 6. Bd2 a5 7. Qc2 Bxd2+ 8.
Qxd2 c6 9. a4 Ne4 10. Qc2 Nd6 11. Nfd2 O-O 12. O-O Nd7 13. Rd1 Qf6 14. Na3 e5
15. d5 cxd5 16. Bxd5 Nb6 17. Ne4 Nxe4 18. Bxe4 h5 19. Nb5 Qe7 20. Nd6 Be6 21.
Qc3 Bg4 22. Qe3 Nd7 23. Nxc4 Nc5 24. Bd5 Nd7 25. Bxb7 Rab8 26. Bg2 Rb4 27. b3
Nc5 28. Nxa5 Qc7 29. Nc6 Nxb3 30. Nxb4 Nxa1 31. Rxa1 Qc4 32. Nd5 Bxe2 33. Rc1
Qa6 34. Nc7 1-0

[Event "27th Hoogeveen Open 2024"]
[Site "Hoogeveen NED"]
[Date "2024.10.29"]
[Round "4.28"]
[White "Duchene, Rene"]
[Black "Ambrona Navarro, Himar"]
[Result "1/2-1/2"]
[WhiteElo "2075"]
[BlackElo "1971"]
[WhiteFideId "1006304"]
[BlackFideId "94740925"]
[EventDate "2024.10.26"]

1. c4 Nf6 2. Nf3 g6 3. d4 Bg7 4. e3 d6 5. Nc3 O-O 6. Be2 c5 7. d5 e6 8. O-O exd5
9. cxd5 a6 10. a4 b6 11. h3 Re8 12. Re1 Bb7 13. Bc4 Nbd7 14. e4 Ne5 15. Nxe5
dxe5 16. Be3 Qd6 17. Bf1 Nd7 18. g4 Rad8 19. Qe2 Rf8 20. Bg2 h6 21. Red1 Kh7 22.
Rac1 Nf6 23. Nb1 Rc8 24. Na3 Qd8 25. a5 Nd7 26. axb6 Qxb6 27. Nc4 Qf6 28. Qd2 g5
29. Ra1 Rfd8 30. Rdc1 Bf8 31. Ra3 Bd6 32. Rb3 Rb8 33. Bf1 Bc8 34. Rxb8 Bxb8 35.
Be2 Bc7 36. Na5 Qd6 37. Nc6 Re8 38. Qc3 Bb6 39. Qa3 Bb7 40. Na5 Bxa5 41. Qxa5
Rc8 42. f3 f6 43. Kg2 Kg6 44. Rc4 Kg7 45. Qa3 Kg6 46. Ra4 Ra8 47. Ra5 Kf7 48.
Bxc5 Nxc5 49. Qxc5 Qxc5 50. Rxc5 Rc8 51. b4 Ke7 52. Rxc8 Bxc8 53. Kf2 Kd6 54.
Ke3 Kc7 55. Bc4 Kb6 56. Kd3 Bd7 57. Kc3 Bb5 58. Kb3 1/2-1/2

[Event "27th Hoogeveen Open 2024"]
[Site "Hoogeveen NED"]
[Date "2024.10.29"]
[Round "4.29"]
[White "Wildschut, Marcel"]
[Black "Westerhof, Fleur"]
[Result "1-0"]
[WhiteElo "2069"]
[BlackElo "1904"]
[WhiteFideId "1019139"]
[BlackFideId "1080369"]
[EventDate "2024.10.26"]

1. e4 e5 2. Nf3 Nc6 3. Bb5 a6 4. Ba4 Nf6 5. O-O Be7 6. Re1 b5 7. Bb3 O-O 8. c3
d5 9. exd5 Nxd5 10. Nxe5 Nxe5 11. Rxe5 c6 12. d4 Bd6 13. Re2 Qh4 14. g3 Qh3 15.
Nd2 Bf5 16. Qf1 Qh5 17. Bd1 Qg6 18. Qg2 Rae8 19. Nf1 Be4 20. f3 Bd3 21. Rf2 Re1
22. Bd2 Rfe8 23. Rc1 Ne3 24. Bxe3 R8xe3 25. f4 Qh6 26. Qxc6 Qh3 27. Qg2 Qc8 28.
h4 Be4 29. Bf3 Bxf3 30. Rxf3 R3e2 31. Rxe1 Rxg2+ 32. Kxg2 g6 33. Rfe3 Qc4 34. a3
Qd5+ 35. Kg1 Kg7 36. R1e2 Qf5 37. Kg2 Qd5+ 38. Kh2 h6 39. Nd2 g5 40. hxg5 hxg5
41. fxg5 Qxg5 42. Kg2 Bf4 43. Ne4 Qg6 44. Rf3 Bc1 45. Nc5 Qb1 46. Rf1 a5 47. Nb3 1-0

[Event "27th Hoogeveen Open 2024"]
[Site "Hoogeveen NED"]
[Date "2024.10.29"]
[Round "4.30"]
[White "Leenes, Robert"]
[Black "Fehr, Axel"]
[Result "1-0"]
[WhiteElo "2014"]
[BlackElo "2021"]
[WhiteFideId "40108848"]
[BlackFideId "4675185"]
[EventDate "2024.10.26"]

1. d4 Nf6 2. Bg5 Ne4 3. h4 d5 4. Nd2 Nxg5 5. hxg5 Bf5 6. e3 c6 7. Nb3 e5 8. dxe5
Nd7 9. Nd4 Bg6 10. f4 Be4 11. e6 Nc5 12. exf7+ Kxf7 13. Ngf3 Bd6 14. Bd3 Qa5+
15. Kf1 Rae8 16. b4 Qxb4 17. Rb1 Qa3 18. Bxe4 Nxe4 19. Rxb7+ Kf8 20. Rb3 Qa6+
21. Kg1 Qc4 22. Nf5 Bc5 23. Qa1 d4 24. N3xd4 Qd5 25. Ne6+ 1-0

[Event "27th Hoogeveen Open 2024"]
[Site "Hoogeveen NED"]
[Date "2024.10.29"]
[Round "4.31"]
[White "Gortemaker, Lucas"]
[Black "Van der Lubben, Arno"]
[Result "0-1"]
[WhiteElo "2073"]
[BlackElo "1997"]
[WhiteFideId "1013394"]
[BlackFideId "1068920"]
[EventDate "2024.10.26"]

1. e4 e5 2. Nf3 Nc6 3. Bb5 a6 4. Bxc6 dxc6 5. O-O Bd6 6. Na3 Be6 7. d4 exd4 8.
Qxd4 f6 9. Qc3 Ne7 10. Nc4 Bxc4 11. Qxc4 Ng6 12. Qb3 b5 13. a4 Qd7 14. Be3 Qf7
15. Qc3 Ne7 16. axb5 cxb5 17. Ra5 O-O 18. Rfa1 Kh8 19. Qb3 Qg6 20. Nd2 f5 21. e5
Bxe5 22. f4 Bd6 23. Rxa6 Rxa6 24. Rxa6 Qg4 25. g3 Qe2 26. Nf1 Ng8 27. Qd3 Qxd3
28. cxd3 Nf6 29. Ra5 Rb8 30. Bd4 Nd5 31. Ne3 Nxe3 32. Bxe3 Kg8 33. Kf2 Kf7 34.
Bd4 g6 35. Ra1 Ke6 36. Re1+ Kd5 37. Be5 Rb7 38. d4 Ra7 39. Rc1 Ra2 40. Rc2 Ke4
41. h4 b4 42. Rd2 Kd5 43. h5 gxh5 44. Bf6 b3 45. Ke3 Bb4 46. Rh2 Ba3 47. Rxh5
Ke6 48. Bh8 Bxb2 49. Kd3 Bc1 50. d5+ Kxd5 51. Rxf5+ Ke6 52. Re5+ Kf7 53. Rc5
Rd2+ 54. Ke4 Rc2 55. Rxc2 bxc2 0-1

[Event "27th Hoogeveen Open 2024"]
[Site "Hoogeveen NED"]
[Date "2024.10.30"]
[Round "5.1"]
[White "Sankalp, Gupta"]
[Black "Karthikeyan, Murali"]
[Result "1/2-1/2"]
[WhiteTitle "GM"]
[BlackTitle "GM"]
[WhiteElo "2534"]
[BlackElo "2624"]
[WhiteFideId "5097010"]
[BlackFideId "5074452"]
[EventDate "2024.10.26"]

1. e4 c5 2. Nf3 Nc6 3. Bb5 g6 4. Bxc6 bxc6 5. d4 Bg7 6. dxc5 Qa5+ 7. Nbd2 Qxc5
8. O-O d6 9. Re1 Nf6 10. e5 dxe5 11. Nxe5 Bf5 12. c4 O-O 13. Nb3 Qb6 14. Be3 Qc7
15. Bf4 Qb6 16. Qf3 Rac8 17. Be3 c5 18. Bd2 Qa6 19. Bc3 Rfd8 20. h3 h5 21. Re2
Nd7 22. Nxd7 Rxd7 23. Bxg7 Kxg7 24. Qc3+ f6 25. Rd2 Rxd2 26. Nxd2 Qd6 27. Nf1
Qd4 28. Qa3 Rb8 29. Qxa7 Qe5 30. Ne3 Rxb2 31. Re1 Kf7 32. a4 Be6 33. Rf1 g5 34.
a5 g4 35. hxg4 hxg4 36. g3 Re2 37. Nd5 Bxd5 38. cxd5 Qxd5 39. a6 Ra2 40. Qb7
Qxb7 41. axb7 Rb2 42. Rc1 Rxb7 43. Rxc5 e6 44. Kf1 Kg6 45. Ke2 e5 46. Rc4 Rb2+
47. Ke3 Kg5 48. Rc8 Rb3+ 49. Ke2 f5 50. Rc5 Kf6 51. Rc6+ Kf7 52. Ra6 Rb4 53. Kf1
Rd4 54. Ke2 Ke7 55. Ke3 Rd6 56. Ra7+ Ke6 57. Ra8 Rb6 58. Re8+ Kd6 59. Rd8+ Ke7
60. Ra8 Rb4 61. Ra6 Rd4 62. Ra7+ Ke6 63. Ra6+ Rd6 64. Ra8 Rc6 65. Re8+ Kf6 66.
Rf8+ Ke6 67. Re8+ Kd6 68. Rd8+ Ke7 69. Ra8 Rc3+ 70. Kd2 Rf3 71. Ke2 Kf6 72. Ra6+
Kg5 73. Re6 e4 74. Ke1 e3 75. Rxe3 Rxe3+ 76. fxe3 Kf6 77. Kd2 Ke5 78. Kd3 Kd5
79. Kd2 Ke4 80. Ke2 Ke5 1/2-1/2

[Event "27th Hoogeveen Open 2024"]
[Site "Hoogeveen NED"]
[Date "2024.10.30"]
[Round "5.2"]
[White "Maris, Ivo"]
[Black "Zwirs, Nico"]
[Result "0-1"]
[WhiteTitle "FM"]
[BlackTitle "IM"]
[WhiteElo "2388"]
[BlackElo "2474"]
[WhiteFideId "1028146"]
[BlackFideId "1036432"]
[EventDate "2024.10.26"]

1. Nf3 Nf6 2. g3 b6 3. Bg2 Bb7 4. O-O e6 5. c4 Be7 6. d4 O-O 7. h4 h6 8. Qc2 Na6
9. Nc3 c5 10. e4 d5 11. exd5 exd5 12. Rd1 dxc4 13. dxc5 Qc8 14. cxb6 axb6 15.
Be3 Nb4 16. Qe2 Re8 17. Qf1 Nc2 18. Bxb6 Nxa1 19. Rxa1 Bc5 20. Bxc5 Qxc5 21. Nd2
Bxg2 22. Kxg2 Rac8 23. Rc1 Nd5 24. Nd1 Qa5 25. Nxc4 Qxa2 26. Kh2 Qb3 27. Nde3
Nxe3 28. Nxe3 Qxb2 29. Rxc8 Rxc8 30. Kg2 Qb7+ 31. Kh2 Qf3 32. Qg2 Qxg2+ 33. Kxg2
Rc5 34. Kf3 g6 35. Ke4 Kg7 36. Nd5 Rc2 37. Ke3 Rb2 38. Kf3 Rd2 39. Ne3 h5 40. g4
hxg4+ 41. Nxg4 Rd3+ 42. Kg2 Ra3 43. Kh2 f5 44. Ne5 Kf6 45. Nd7+ Ke6 46. Nf8+ Kf7
47. Nd7 Ra5 48. f4 Ke7 49. Nb6 Rc5 50. h5 gxh5 51. Kg3 Kf7 52. Kh4 Kg6 53. Nd7
Rd5 54. Nf8+ Kh6 55. Ne6 Rd3 56. Ng5 Kg6 57. Nf3 Re3 58. Ng5 Re4 59. Nh3 Ra4 60.
Kg3 Ra3+ 61. Kh4 Rf3 62. Ng1 Rxf4+ 63. Kh3 Kg5 64. Ne2 Rf3+ 65. Kg2 Rd3 66. Ng1
Kg4 67. Kh1 Rd2 0-1

[Event "27th Hoogeveen Open 2024"]
[Site "Hoogeveen NED"]
[Date "2024.10.30"]
[Round "5.3"]
[White "De Winter, Arthur"]
[Black "Smeets, Kobe"]
[Result "1/2-1/2"]
[WhiteTitle "IM"]
[BlackTitle "FM"]
[WhiteElo "2435"]
[BlackElo "2328"]
[WhiteFideId "1069020"]
[BlackFideId "1063910"]
[EventDate "2024.10.26"]

1. e4 e5 2. Nf3 Nc6 3. Bb5 a6 4. Ba4 Nge7 5. c3 Ng6 6. d4 exd4 7. cxd4 Bb4+ 8.
Nc3 d5 9. O-O dxe4 10. Nxe4 O-O 11. d5 Nce7 12. a3 Bd6 13. Bb3 Bf5 14. Re1 Bxe4
15. Rxe4 Qd7 16. Bd2 Rae8 17. Qc2 Nc8 18. Rae1 Rxe4 19. Qxe4 Be7 20. Bc3 Nd6 21.
Qd3 Re8 22. g3 Bd8 23. Rxe8+ Qxe8 24. Bc2 Qb5 25. Qd1 Qc4 26. Ne5 Qc5 27. h4 Nb5
28. Bb4 Qd4 29. Nxg6 Qxd1+ 30. Bxd1 hxg6 31. Kf1 Bf6 32. a4 Nd6 33. b3 Kf8 34.
Bg4 Ke7 35. Ke2 Kd8 36. Kd3 Be5 37. Bh3 Bf6 38. Bg4 Be5 39. Bh3 Bf6 40. Bg4 1/2-1/2

[Event "27th Hoogeveen Open 2024"]
[Site "Hoogeveen NED"]
[Date "2024.10.30"]
[Round "5.4"]
[White "Ganguly, Surya Shekhar"]
[Black "Kovchan, Alexander"]
[Result "1/2-1/2"]
[WhiteTitle "GM"]
[BlackTitle "GM"]
[WhiteElo "2598"]
[BlackElo "2444"]
[WhiteFideId "5002150"]
[BlackFideId "14103052"]
[EventDate "2024.10.26"]

1. d4 Nf6 2. c4 g6 3. Nc3 d5 4. cxd5 Nxd5 5. e4 Nxc3 6. bxc3 Bg7 7. Bc4 c5 8.
Ne2 O-O 9. d5 Nd7 10. O-O Nb6 11. Bb3 Bd7 12. a4 Qc7 13. a5 Nc8 14. Bf4 Be5 15.
Qd2 Bxf4 16. Nxf4 Nd6 17. Rfe1 f6 18. e5 fxe5 19. Rxe5 Rf7 20. Rae1 Qxa5 21.
Rxe7 Rxe7 22. Rxe7 Re8 23. Rxe8+ Bxe8 24. h4 Qa1+ 25. Kh2 Bf7 26. Qe3 c4 27. Bc2
Nb5 28. Qc5 Qxc3 29. Ne6 Qe5+ 30. f4 Qb8 31. Qxb5 Bxe6 32. dxe6 Qxf4+ 33. g3
Qf2+ 34. Kh3 Qf1+ 35. Kg4 Qe2+ 36. Kf4 Qxe6 37. Kf3 b6 38. Be4 Kg7 39. Qa6 Qf7+
40. Ke3 Qc7 41. Qb7 Qxb7 42. Bxb7 h5 43. Kd4 Kf6 1/2-1/2

[Event "27th Hoogeveen Open 2024"]
[Site "Hoogeveen NED"]
[Date "2024.10.30"]
[Round "5.5"]
[White "Brunello, Sabino"]
[Black "Schuricht, Emil Frederick"]
[Result "1/2-1/2"]
[WhiteTitle "GM"]
[WhiteElo "2514"]
[BlackElo "2145"]
[WhiteFideId "813613"]
[BlackFideId "16270185"]
[EventDate "2024.10.26"]

1. e4 c6 2. Nf3 d5 3. Nc3 dxe4 4. Nxe4 Nf6 5. Ng3 h5 6. h3 h4 7. Ne2 e6 8. Nc3
Be7 9. d4 c5 10. Bd3 cxd4 11. Nxd4 Nbd7 12. O-O a6 13. Re1 Nc5 14. Bf1 Nd5 15.
Nxd5 Qxd5 16. b4 e5 17. bxc5 Qxd4 18. Qxd4 exd4 19. Bb2 Be6 20. Bxd4 O-O 21.
Rab1 Rfc8 22. Rxb7 Bxc5 23. Bxc5 Rxc5 24. a4 Rxc2 25. Rb4 Ra2 26. Rxh4 Bb3 27.
Rb4 Bc2 28. Rc4 Bxa4 29. Rc7 Bb3 30. Bc4 Bxc4 31. Rxc4 Rd8 32. Rf4 Rd7 1/2-1/2

[Event "27th Hoogeveen Open 2024"]
[Site "Hoogeveen NED"]
[Date "2024.10.30"]
[Round "5.6"]
[White "Labruyere, Roger"]
[Black "Mamatov, Melis"]
[Result "1-0"]
[BlackTitle "FM"]
[WhiteElo "2286"]
[BlackElo "2358"]
[WhiteFideId "1059505"]
[BlackFideId "13800027"]
[EventDate "2024.10.26"]

1. e4 e5 2. Nf3 Nc6 3. Nc3 Nf6 4. Bb5 Bd6 5. d3 h6 6. O-O O-O 7. a3 Re8 8. h3
Bf8 9. Re1 a6 10. Ba4 d6 11. Nd5 Be6 12. c4 Rb8 13. Qc2 Nd7 14. b4 Ne7 15. Bb2
b5 16. Bb3 c5 17. cxb5 Bxd5 18. exd5 axb5 19. bxc5 Nxc5 20. d4 Nxb3 21. Qxb3
exd4 22. Nxd4 Qd7 23. Rac1 Rec8 24. Rxc8 Qxc8 25. Rc1 Qb7 26. Nc6 Ra8 27. Rc3
Ng6 28. Re3 Qa6 29. Re4 Rc8 30. h4 Rc7 31. Qg3 Qc8 32. h5 Qf5 33. Qg4 Qxg4 34.
Rxg4 Ne7 35. Nxe7+ Rxe7 36. Rb4 g6 37. hxg6 fxg6 38. Rxb5 Bg7 39. Bxg7 Re1+ 40.
Kh2 Kxg7 41. Rb7+ Kf6 42. Rd7 Rf1 43. Rxd6+ Ke5 44. Rxg6 Rxf2 45. Rxh6 Kxd5 46.
a4 Ra2 47. a5 Ra3 48. a6 Ke5 49. g3 Kf5 50. Kh3 Ra1 51. Kg2 Ra2+ 52. Kf3 Ra3+
53. Kf2 Kg5 54. Rb6 Kf5 55. Rc6 Ke5 56. g4 Kf4 57. Rg6 Ra2+ 58. Ke1 Ke4 59. Kd1
Kd3 60. Kc1 Kc3 61. Rc6+ Kd4 62. Kb1 Ra5 63. Kb2 Kd5 64. Rg6 Kc4 65. Rf6 Rg5 66.
Rf4+ Kd5 1-0